Statistics for Countries That Dont Use Any Letters On Bottom Row Of Qwerty Keyboard

Click here to take the quiz!

General Stats

  • This quiz has been taken 23 times
  • The average score is 21 of 26

Answer Stats

Answer% Correct
Australia
100%
Austria
91%
Egypt
91%
Russia
91%
Fiji
91%
Algeria
91%
Israel
86%
Qatar
86%
Peru
86%
Laos
82%
Uruguay
82%
South Korea
82%
Ethiopia
82%
Eritrea
82%
Italy
82%
Iraq
82%
Togo
77%
Haiti
77%
Paraguay
77%
Turkey
77%
Palau
73%
Portugal
73%
Lesotho
73%
Kuwait
73%
Georgia
64%
Syria
64%

Score Distribution

Percentile by Number Answered

Percent of People with Each Score

Your Score History

You have not taken this quiz